[Event "Chess Masters Gent 2023"]
[Site "Ghent, Belgium"]
[Date "2023.07.14"]
[Round "4.7"]
[White "Grooten, Herman"]
[Black "Miedema, David"]
[Result "0-1"]
[TimeControl "90'/40 + 30' + 30\"/M"]
[WhiteTitle "IM"]
[BlackTitle "IM"]
[WhiteFideId "1000330"]
[BlackFideId "1018477"]
[WhiteElo "2241"]
[BlackElo "2375"]

1. d4 {[%clk 01:30:57]} {[%emt 00:00:02]} Nf6 {[%clk 01:27:45]} {[%emt
00:03:15]} 2. c4 {[%clk 01:31:19]} {[%emt 00:00:08]} e6 {[%clk 01:28:11]}
{[%emt 00:00:04]} 3. Nf3 {[%clk 01:31:43]} {[%emt 00:00:06]} d5 {[%clk
01:28:37]} {[%emt 00:00:05]} 4. Nc3 {[%clk 01:32:05]} {[%emt 00:00:07]} Bb4
{[%clk 01:29:03]} {[%emt 00:00:04]} 5. Qa4+ {[%clk 01:31:13]} {[%emt 00:01:22]}
Nc6 {[%clk 01:29:26]} {[%emt 00:00:07]} 6. e3 {[%clk 01:31:15]} {[%emt
00:00:27]} O-O {[%clk 01:29:41]} {[%emt 00:00:15]} 7. Bd2 {[%clk 01:31:13]}
{[%emt 00:00:32]} Re8 {[%clk 01:29:39]} {[%emt 00:00:33]} 8. O-O-O {[%clk
01:20:05]} {[%emt 00:11:38]} Ng4 {[%clk 01:21:08]} {[%emt 00:09:01]} 9. Be1
{[%clk 01:19:39]} {[%emt 00:00:56]} Bxc3 {[%clk 01:21:30]} {[%emt 00:00:09]} 10.
bxc3 {[%clk 01:20:01]} {[%emt 00:00:07]} Nf6 {[%clk 01:21:56]} {[%emt
00:00:03]} 11. Qc2 {[%clk 01:15:20]} {[%emt 00:05:12]} Qe7 {[%clk 01:04:12]}
{[%emt 00:18:15]} 12. Bd3 {[%clk 01:04:12]} {[%emt 00:11:37]} dxc4 {[%clk
00:54:57]} {[%emt 00:09:45]} 13. Bxc4 {[%clk 01:04:29]} {[%emt 00:00:13]} e5
{[%clk 00:55:23]} {[%emt 00:00:04]} 14. Ng5 {[%clk 01:01:32]} {[%emt 00:03:27]}
Nd8 {[%clk 00:51:08]} {[%emt 00:04:45]} 15. f3 {[%clk 00:51:24]} {[%emt
00:10:38]} exd4 {[%clk 00:34:40]} {[%emt 00:16:59]} 16. exd4 {[%clk 00:49:59]}
{[%emt 00:01:55]} h6 {[%clk 00:34:54]} {[%emt 00:00:16]} 17. h4 {[%clk
00:40:17]} {[%emt 00:10:12]} b5 {[%clk 00:34:52]} {[%emt 00:00:32]} 18. Bb3
{[%clk 00:30:26]} {[%emt 00:10:21]} a5 {[%clk 00:31:49]} {[%emt 00:03:33]} 19.
Ne4 {[%clk 00:26:15]} {[%emt 00:04:40]} a4 {[%clk 00:30:24]} {[%emt 00:01:55]}
20. Nxf6+ {[%clk 00:26:26]} {[%emt 00:00:19]} Qxf6 {[%clk 00:30:45]} {[%emt
00:00:09]} 21. Bd5 {[%clk 00:26:44]} {[%emt 00:00:12]} Bb7 {[%clk 00:23:47]}
{[%emt 00:07:28]} 22. Bxb7 {[%clk 00:25:46]} {[%emt 00:01:27]} Nxb7 {[%clk
00:24:14]} {[%emt 00:00:03]} 23. Bg3 {[%clk 00:25:59]} {[%emt 00:00:17]} c5
{[%clk 00:24:13]} {[%emt 00:00:32]} 24. Be5 {[%clk 00:25:36]} {[%emt 00:00:52]}
Qe6 {[%clk 00:22:38]} {[%emt 00:02:05]} 25. Rhe1 {[%clk 00:24:51]} {[%emt
00:01:14]} cxd4 {[%clk 00:22:32]} {[%emt 00:00:37]} 26. Bg3 {[%clk 00:20:35]}
{[%emt 00:04:46]} Qc6 {[%clk 00:16:39]} {[%emt 00:06:23]} 27. cxd4 {[%clk
00:19:34]} {[%emt 00:01:31]} Qd5 {[%clk 00:16:54]} {[%emt 00:00:15]} 28. Kb1
{[%clk 00:19:05]} {[%emt 00:00:59]} Rec8 {[%clk 00:14:07]} {[%emt 00:03:17]} 29.
Qe4 {[%clk 00:18:20]} {[%emt 00:01:14]} Qc4 {[%clk 00:13:57]} {[%emt 00:00:40]}
30. d5 {[%clk 00:17:21]} {[%emt 00:01:30]} Qc3 {[%clk 00:11:32]} {[%emt
00:02:55]} 31. Be5 {[%clk 00:15:58]} {[%emt 00:01:54]} Qa3 {[%clk 00:11:57]}
{[%emt 00:00:05]} 32. Qg4 {[%clk 00:15:14]} {[%emt 00:01:13]} Qf8 {[%clk
00:11:39]} {[%emt 00:00:48]} 33. d6 {[%clk 00:13:30]} {[%emt 00:02:15]} f6
{[%clk 00:11:02]} {[%emt 00:01:07]} 34. Bf4 {[%clk 00:12:36]} {[%emt 00:01:24]}
Rc4 {[%clk 00:11:13]} {[%emt 00:00:19]} 35. Qe6+ {[%clk 00:12:44]} {[%emt
00:00:21]} Kh8 {[%clk 00:10:58]} {[%emt 00:00:45]} 36. Bg3 {[%clk 00:12:02]}
{[%emt 00:01:12]} Rac8 {[%clk 00:08:19]} {[%emt 00:03:09]} 37. Rc1 {[%clk
00:10:36]} {[%emt 00:01:56]} Nc5 {[%clk 00:07:14]} {[%emt 00:01:36]} 38. Qd5
{[%clk 00:10:07]} {[%emt 00:00:58]} a3 {[%clk 00:06:24]} {[%emt 00:01:20]} 39.
Rxc4 {[%clk 00:08:36]} {[%emt 00:02:01]} bxc4 {[%clk 00:05:55]} {[%emt
00:00:59]} 40. d7 {[%clk 00:06:07]} {[%emt 00:03:00]} Nxd7 {[%clk 00:04:16]}
{[%emt 00:02:09]} 41. Qxd7 {[%clk 00:04:07]} {[%emt 00:02:30]} Qb4+ {[%clk
00:01:24]} {[%emt 00:03:22]} 42. Kc2 {[%clk 00:04:22]} {[%emt 00:00:15]} Qb2+
{[%clk 00:01:06]} {[%emt 00:00:48]} 43. Kd1 {[%clk 00:04:45]} {[%emt 00:00:07]}
Qb1+ {[%clk 00:30:05]} {[%emt 00:01:30]} 44. Ke2 {[%clk 00:35:09]} {[%emt
00:00:07]} Qxa2+ {[%clk 00:30:29]} {[%emt 00:00:06]} 45. Kf1 {[%clk 00:35:24]}
{[%emt 00:00:15]} Rg8 {[%clk 00:30:56]} {[%emt 00:00:04]} 46. Bf2 {[%clk
00:26:29]} {[%emt 00:09:24]} c3 {[%clk 00:29:42]} {[%emt 00:01:44]} 47. Qc6
{[%clk 00:25:45]} {[%emt 00:01:14]} Qd2 {[%clk 00:28:58]} {[%emt 00:01:13]} 48.
Qa4 {[%clk 00:17:28]} {[%emt 00:08:47]} a2 {[%clk 00:23:23]} {[%emt 00:06:05]}
49. Be3 {[%clk 00:14:23]} {[%emt 00:03:35]} Qd3+ {[%clk 00:15:11]} {[%emt
00:08:42]} 50. Kf2 {[%clk 00:14:25]} {[%emt 00:00:28]} Rb8 {[%clk 00:15:18]}
{[%emt 00:00:23]} 51. Bd4 {[%clk 00:07:46]} {[%emt 00:07:08]} c2 {[%clk
00:05:59]} {[%emt 00:09:49]} 52. Kg3 {[%clk 00:06:34]} {[%emt 00:01:42]} Qd2
{[%clk 00:04:26]} {[%emt 00:02:03]} 53. Re8+ {[%clk 00:06:03]} {[%emt
00:01:01]} Kh7 {[%clk 00:04:53]} {[%emt 00:00:04]} 54. Bb2 {[%clk 00:03:59]}
{[%emt 00:02:35]} Qd6+ {[%clk 00:04:02]} {[%emt 00:01:20]} 55. Kh3 {[%clk
00:03:15]} {[%emt 00:01:15]} Rxe8 {[%clk 00:03:25]} {[%emt 00:01:07]} 56. Qxe8
{[%clk 00:03:24]} {[%emt 00:00:21]} c1=Q {[%clk 00:03:12]} {[%emt 00:00:43]} 57.
Qe4+ {[%clk 00:03:34]} {[%emt 00:00:20]} f5 {[%clk 00:03:37]} {[%emt 00:00:05]}
0-1

[Event "Chess Masters Gent 2023"]
[Site "Ghent, Belgium"]
[Date "2023.07.15"]
[Round "5.1"]
[White "Pijpers, Arthur"]
[Black "Maerevoet, Sim"]
[Result "1/2-1/2"]
[TimeControl "90'/40 + 30' + 30\"/M"]
[WhiteTitle "IM"]
[BlackTitle "FM"]
[WhiteFideId "1019554"]
[BlackFideId "241725"]
[WhiteElo "2465"]
[BlackElo "2414"]

1. e4 {[%clk 01:30:57]} {[%emt 00:00:02]} c5 {[%clk 01:30:53]} {[%emt
00:00:06]} 2. Nf3 {[%clk 01:31:24]} {[%emt 00:00:05]} e6 {[%clk 01:31:13]}
{[%emt 00:00:10]} 3. d4 {[%clk 01:31:50]} {[%emt 00:00:04]} cxd4 {[%clk
01:31:37]} {[%emt 00:00:06]} 4. Nxd4 {[%clk 01:32:17]} {[%emt 00:00:04]} Nf6
{[%clk 01:31:56]} {[%emt 00:00:11]} 5. Nc3 {[%clk 01:32:42]} {[%emt 00:00:05]}
Nc6 {[%clk 01:32:22]} {[%emt 00:00:04]} 6. Bf4 {[%clk 01:33:06]} {[%emt
00:00:06]} Bb4 {[%clk 01:32:37]} {[%emt 00:00:15]} 7. Ndb5 {[%clk 01:33:23]}
{[%emt 00:00:13]} Nxe4 {[%clk 01:32:59]} {[%emt 00:00:08]} 8. Qf3 {[%clk
01:33:46]} {[%emt 00:00:07]} f5 {[%clk 01:33:15]} {[%emt 00:00:14]} 9. Nc7+
{[%clk 01:33:18]} {[%emt 00:00:58]} Kf7 {[%clk 01:32:54]} {[%emt 00:00:51]} 10.
g4 {[%clk 01:33:42]} {[%emt 00:00:06]} g5 {[%clk 01:32:30]} {[%emt 00:00:53]}
11. gxf5 {[%clk 01:11:15]} {[%emt 00:22:59]} gxf4 {[%clk 01:11:27]} {[%emt
00:21:31]} 12. O-O-O {[%clk 00:52:47]} {[%emt 00:18:57]} Qxc7 {[%clk 00:31:24]}
{[%emt 00:40:33]} 13. Qh5+ {[%clk 00:51:47]} {[%emt 00:01:30]} Ke7 {[%clk
00:31:17]} {[%emt 00:00:37]} 14. Nxe4 {[%clk 00:52:08]} {[%emt 00:00:10]} Qe5
{[%clk 00:27:44]} {[%emt 00:04:03]} 15. Qh4+ {[%clk 00:44:17]} {[%emt
00:08:21]} Kf8 {[%clk 00:26:29]} {[%emt 00:01:44]} 16. Rg1 {[%clk 00:34:00]}
{[%emt 00:10:47]} d5 {[%clk 00:23:36]} {[%emt 00:03:24]} 17. Qh6+ {[%clk
00:17:50]} {[%emt 00:16:40]} Ke8 {[%clk 00:23:11]} {[%emt 00:00:54]} 18. Nf6+
{[%clk 00:15:35]} {[%emt 00:02:46]} Kd8 {[%clk 00:23:25]} {[%emt 00:00:16]} 19.
fxe6 {[%clk 00:11:07]} {[%emt 00:04:58]} Bf8 {[%clk 00:21:10]} {[%emt
00:02:45]} 20. Rg7 {[%clk 00:11:35]} {[%emt 00:00:02]} Ne7 {[%clk 00:19:37]}
{[%emt 00:02:03]} 21. Nxd5 {[%clk 00:08:52]} {[%emt 00:03:13]} Qxg7 {[%clk
00:16:25]} {[%emt 00:03:43]} 22. Nb6+ {[%clk 00:07:37]} {[%emt 00:01:45]} Ke8
{[%clk 00:16:00]} {[%emt 00:00:55]} 23. Qh5+ {[%clk 00:06:10]} {[%emt
00:01:57]} Qg6 {[%clk 00:16:19]} {[%emt 00:00:10]} 24. Nxa8 {[%clk 00:06:27]}
{[%emt 00:00:13]} Bxe6 {[%clk 00:15:54]} {[%emt 00:00:55]} 25. Qe5 {[%clk
00:05:53]} {[%emt 00:01:04]} Bg7 {[%clk 00:15:22]} {[%emt 00:01:02]} 26. Nc7+
{[%clk 00:02:59]} {[%emt 00:03:24]} Kf7 {[%clk 00:15:48]} {[%emt 00:00:04]} 27.
Qxf4+ {[%clk 00:03:25]} {[%emt 00:00:04]} Qf6 {[%clk 00:15:53]} {[%emt
00:00:24]} 28. Qxf6+ {[%clk 00:03:50]} {[%emt 00:00:05]} Bxf6 {[%clk 00:16:06]}
{[%emt 00:00:17]} 29. Nxe6 {[%clk 00:03:51]} {[%emt 00:00:30]} Kxe6 {[%clk
00:16:32]} {[%emt 00:00:04]} 30. Bc4+ {[%clk 00:04:10]} {[%emt 00:00:11]} Ke5
{[%clk 00:15:52]} {[%emt 00:01:09]} 31. Rd7 {[%clk 00:04:29]} {[%emt 00:00:11]}
Bg5+ {[%clk 00:10:52]} {[%emt 00:05:31]} 32. Kd1 {[%clk 00:04:45]} {[%emt
00:00:14]} Rb8 {[%clk 00:10:49]} {[%emt 00:00:33]} 33. Ke2 {[%clk 00:04:33]}
{[%emt 00:00:42]} h6 {[%clk 00:10:34]} {[%emt 00:00:44]} 34. c3 {[%clk
00:04:12]} {[%emt 00:00:51]} b5 {[%clk 00:09:26]} {[%emt 00:01:39]} 35. Bd3
{[%clk 00:02:53]} {[%emt 00:01:49]} Nd5 {[%clk 00:06:06]} {[%emt 00:03:50]} 36.
Rxa7 {[%clk 00:02:54]} {[%emt 00:00:29]} Nf4+ {[%clk 00:06:26]} {[%emt
00:00:09]} 37. Ke3 {[%clk 00:03:23]} {[%emt 00:00:02]} Nxd3+ {[%clk 00:06:14]}
{[%emt 00:00:42]} 38. Kxd3 {[%clk 00:03:51]} {[%emt 00:00:02]} Rd8+ {[%clk
00:06:36]} {[%emt 00:00:08]} 39. Ke2 {[%clk 00:02:21]} {[%emt 00:02:00]} Rd2+
{[%clk 00:06:46]} {[%emt 00:00:20]} 40. Kf3 {[%clk 00:02:49]} {[%emt 00:00:02]}
Rxb2 {[%clk 00:07:06]} {[%emt 00:00:10]} 41. a4 {[%clk 00:03:00]} {[%emt
00:00:19]} bxa4 {[%clk 00:24:51]} {[%emt 00:12:45]} 42. Rxa4 {[%clk 00:33:12]}
{[%emt 00:00:18]} Rc2 {[%clk 00:24:53]} {[%emt 00:00:28]} 43. Rc4 {[%clk
00:31:44]} {[%emt 00:01:59]} Kd5 {[%clk 00:24:35]} {[%emt 00:00:47]} 44. Rd4+
{[%clk 00:26:19]} {[%emt 00:05:56]} Kc5 {[%clk 00:24:40]} {[%emt 00:00:24]} 45.
Ra4 {[%clk 00:26:46]} {[%emt 00:00:03]} Rxc3+ {[%clk 00:21:09]} {[%emt
00:04:01]} 46. Kg4 {[%clk 00:27:15]} {[%emt 00:00:02]} Bc1 {[%emt 00:03:05]} 47.
f4 {[%clk 00:26:13]} Rc2 {[%clk 00:19:13]} {[%emt 00:01:22]} 48. Ra6 {[%clk
00:25:00]} {[%emt 00:01:43]} Rg2+ {[%clk 00:17:58]} {[%emt 00:01:45]} 49. Kf3
{[%clk 00:23:32]} {[%emt 00:01:57]} Rxh2 {[%clk 00:17:54]} {[%emt 00:00:35]} 50.
Kg3 {[%clk 00:24:00]} {[%emt 00:00:02]} Rh1 {[%clk 00:17:54]} {[%emt 00:00:29]}
51. Kg2 {[%clk 00:24:24]} {[%emt 00:00:05]} Rd1 {[%clk 00:17:15]} {[%emt
00:01:10]} 52. Rxh6 {[%clk 00:24:43]} {[%emt 00:00:11]} Bxf4 {[%clk 00:17:13]}
{[%emt 00:00:32]} 53. Rh5+ {[%clk 00:24:54]} {[%emt 00:00:18]} Kd4 {[%clk
00:17:35]} {[%emt 00:00:08]} 54. Kf3 {[%clk 00:25:15]} {[%emt 00:00:09]} Be5
{[%clk 00:16:57]} {[%emt 00:01:08]} 55. Rg5 {[%clk 00:24:19]} {[%emt 00:01:26]}
Rf1+ {[%clk 00:15:58]} {[%emt 00:01:29]} 56. Kg4 {[%clk 00:24:25]} {[%emt
00:00:23]} Ke4 {[%clk 00:16:21]} {[%emt 00:00:07]} 57. Rg6 {[%clk 00:24:42]}
{[%emt 00:00:13]} Bf6 {[%clk 00:16:26]} {[%emt 00:00:25]} 58. Kh5 {[%clk
00:24:45]} {[%emt 00:00:27]} Ke5 {[%clk 00:15:46]} {[%emt 00:01:10]} 59. Rg2
{[%clk 00:23:56]} {[%emt 00:01:18]} Kf5 {[%clk 00:14:47]} {[%emt 00:01:29]} 60.
Rg5+ {[%clk 00:24:22]} {[%emt 00:00:05]} Ke6 {[%clk 00:15:12]} {[%emt
00:00:05]} 61. Rg2 {[%clk 00:24:19]} {[%emt 00:00:32]} Rf4 {[%clk 00:15:25]}
{[%emt 00:00:17]} 62. Rg4 {[%clk 00:23:43]} {[%emt 00:01:06]} Rf5+ {[%clk
00:15:50]} {[%emt 00:00:05]} 63. Kg6 {[%clk 00:24:05]} {[%emt 00:00:08]} Ra5
{[%clk 00:16:14]} {[%emt 00:00:06]} 64. Rg2 {[%clk 00:23:42]} {[%emt 00:00:53]}
Rb5 {[%clk 00:16:16]} {[%emt 00:00:28]} 65. Rg3 {[%clk 00:23:58]} {[%emt
00:00:14]} Be5 {[%clk 00:15:30]} {[%emt 00:01:17]} 66. Rg2 {[%clk 00:23:52]}
{[%emt 00:00:35]} Rb8 {[%clk 00:15:43]} {[%emt 00:00:17]} 67. Rg4 {[%clk
00:23:40]} {[%emt 00:00:41]} Rf8 {[%clk 00:15:31]} {[%emt 00:00:42]} 68. Kg5
{[%clk 00:23:11]} {[%emt 00:00:59]} Rf1 {[%clk 00:15:41]} {[%emt 00:00:20]} 69.
Kg6 {[%clk 00:23:13]} {[%emt 00:00:29]} Bf4 {[%clk 00:15:55]} {[%emt 00:00:16]}
70. Rg2 {[%clk 00:21:45]} {[%emt 00:01:57]} Rh1 {[%clk 00:16:14]} {[%emt
00:00:11]} 71. Re2+ {[%clk 00:21:43]} {[%emt 00:00:33]} Be5 {[%clk 00:16:40]}
{[%emt 00:00:05]} 72. Rg2 {[%clk 00:22:07]} {[%emt 00:00:06]} Rh8 {[%clk
00:15:07]} {[%emt 00:02:03]} 73. Rg4 {[%clk 00:22:20]} {[%emt 00:00:17]} Rh3
{[%clk 00:15:11]} {[%emt 00:00:26]} 74. Kg5 {[%clk 00:22:16]} {[%emt 00:00:34]}
Bf6+ {[%clk 00:14:03]} {[%emt 00:01:38]} 75. Kf4 {[%clk 00:21:49]} {[%emt
00:00:56]} Ra3 {[%clk 00:14:26]} {[%emt 00:00:07]} 76. Ke4 {[%clk 00:22:06]}
{[%emt 00:00:14]} Ra5 {[%clk 00:14:46]} {[%emt 00:00:10]} 77. Kf4 {[%clk
00:22:06]} {[%emt 00:00:30]} Rf5+ {[%clk 00:15:06]} {[%emt 00:00:09]} 78. Ke4
{[%clk 00:22:23]} {[%emt 00:00:13]} Bg5 {[%clk 00:15:30]} {[%emt 00:00:07]} 79.
Kd3 {[%clk 00:21:35]} {[%emt 00:01:18]} Ra5 {[%clk 00:15:28]} {[%emt 00:00:31]}
80. Re4+ {[%clk 00:21:30]} {[%emt 00:00:35]} Kf5 {[%clk 00:15:52]} {[%emt
00:00:06]} 81. Re2 {[%clk 00:21:45]} {[%emt 00:00:15]} Ra3+ {[%clk 00:16:13]}
{[%emt 00:00:09]} 82. Kd4 {[%clk 00:21:46]} {[%emt 00:00:28]} Bf6+ {[%clk
00:16:18]} {[%emt 00:00:25]} 83. Kd5 {[%clk 00:22:07]} {[%emt 00:00:10]} Rd3+
{[%clk 00:16:43]} {[%emt 00:00:05]} 84. Kc4 {[%clk 00:22:28]} {[%emt 00:00:08]}
Rd8 {[%clk 00:17:04]} {[%emt 00:00:09]} 85. Kc5 {[%clk 00:22:37]} {[%emt
00:00:21]} Be5 {[%clk 00:17:22]} {[%emt 00:00:12]} 86. Kc4 {[%clk 00:22:42]}
{[%emt 00:00:25]} Rd4+ {[%clk 00:17:43]} {[%emt 00:00:09]} 87. Kc5 {[%clk
00:22:14]} {[%emt 00:00:58]} Ke6 {[%clk 00:18:07]} {[%emt 00:00:05]} 88. Re3
{[%clk 00:22:20]} {[%emt 00:00:24]} Rd8 {[%clk 00:18:03]} {[%emt 00:00:35]} 89.
Rb3 {[%clk 00:22:32]} {[%emt 00:00:18]} Rc8+ {[%clk 00:18:27]} {[%emt
00:00:06]} 90. Kb5 {[%clk 00:22:52]} {[%emt 00:00:10]} Kd5 {[%clk 00:18:52]}
{[%emt 00:00:05]} 91. Rd3 {[%clk 00:23:02]} {[%emt 00:00:20]} Bd4 {[%clk
00:19:17]} {[%emt 00:00:05]} 92. Rb3 {[%clk 00:23:14]} {[%emt 00:02:47]} Bc3
{[%clk 00:19:33]} {[%emt 00:00:13]} 93. Ka4 {[%clk 00:23:25]} {[%emt 00:00:19]}
Kc4 {[%clk 00:19:31]} {[%emt 00:00:32]} 94. Rb4 {[%clk 00:23:51]} {[%emt
00:00:05]} Bxb4 {[%clk 00:19:27]} {[%emt 00:00:03]} 1/2-1/2

[Event "Chess Masters Gent 2023"]
[Site "Ghent, Belgium"]
[Date "2023.07.15"]
[Round "5.2"]
[White "Hausrath, Daniel"]
[Black "Dgebuadze, Alexandre"]
[Result "1-0"]
[TimeControl "90'/40 + 30' + 30\"/M"]
[WhiteTitle "GM"]
[BlackTitle "GM"]
[WhiteFideId "4617495"]
[WhiteElo "2442"]
[BlackElo "2443"]

1. Nf3 {[%clk 01:30:55]} {[%emt 00:00:03]} c5 {[%clk 01:30:18]} {[%emt
00:00:43]} 2. c4 {[%clk 01:30:24]} {[%emt 00:01:01]} Nc6 {[%clk 01:30:38]}
{[%emt 00:00:11]} 3. Nc3 {[%clk 01:29:34]} {[%emt 00:01:19]} g6 {[%clk
01:30:56]} {[%emt 00:00:12]} 4. e3 {[%clk 01:29:39]} {[%emt 00:00:25]} Bg7
{[%clk 01:16:15]} {[%emt 00:15:11]} 5. d4 {[%clk 01:28:54]} {[%emt 00:01:15]}
d6 {[%clk 01:13:27]} {[%emt 00:03:19]} 6. d5 {[%clk 01:27:09]} {[%emt
00:02:14]} Na5 {[%clk 01:13:51]} {[%emt 00:00:07]} 7. e4 {[%clk 01:04:25]}
{[%emt 00:23:13]} Nf6 {[%clk 01:12:29]} {[%emt 00:01:52]} 8. Be2 {[%clk
00:58:35]} {[%emt 00:06:20]} O-O {[%clk 01:12:23]} {[%emt 00:00:36]} 9. O-O
{[%clk 00:58:33]} {[%emt 00:00:32]} a6 {[%clk 01:08:39]} {[%emt 00:04:14]} 10.
Re1 {[%clk 00:56:50]} {[%emt 00:02:13]} Rb8 {[%clk 01:03:32]} {[%emt 00:05:38]}
11. e5 {[%clk 00:47:17]} {[%emt 00:10:02]} Ne8 {[%clk 00:47:32]} {[%emt
00:16:31]} 12. Bf4 {[%clk 00:43:49]} {[%emt 00:03:57]} Bg4 {[%clk 00:47:25]}
{[%emt 00:00:37]} 13. exd6 {[%clk 00:30:11]} {[%emt 00:14:09]} Nxd6 {[%clk
00:44:29]} {[%emt 00:03:26]} 14. Ne5 {[%clk 00:29:55]} {[%emt 00:00:45]} Bxe2
{[%clk 00:37:23]} {[%emt 00:07:36]} 15. Qxe2 {[%clk 00:30:18]} {[%emt
00:00:07]} Rc8 {[%clk 00:30:36]} {[%emt 00:07:18]} 16. b3 {[%clk 00:28:13]}
{[%emt 00:02:35]} Nf5 {[%clk 00:29:55]} {[%emt 00:01:11]} 17. Rad1 {[%clk
00:24:26]} {[%emt 00:04:17]} Nd4 {[%clk 00:29:37]} {[%emt 00:00:48]} 18. Qd3
{[%clk 00:23:52]} {[%emt 00:01:04]} e6 {[%clk 00:27:26]} {[%emt 00:02:43]} 19.
Qh3 {[%clk 00:20:42]} {[%emt 00:03:40]} f6 {[%clk 00:22:39]} {[%emt 00:05:17]}
20. Ng4 {[%clk 00:17:12]} {[%emt 00:03:59]} e5 {[%clk 00:22:57]} {[%emt
00:00:13]} 21. Bh6 {[%clk 00:17:15]} {[%emt 00:00:26]} Bxh6 {[%clk 00:19:32]}
{[%emt 00:03:55]} 22. Qxh6 {[%clk 00:16:43]} {[%emt 00:01:02]} Qd7 {[%clk
00:19:38]} {[%emt 00:00:22]} 23. h3 {[%clk 00:10:44]} {[%emt 00:06:30]} Qg7
{[%clk 00:19:13]} {[%emt 00:00:56]} 24. Qd2 {[%clk 00:10:26]} {[%emt 00:00:47]}
h5 {[%clk 00:16:52]} {[%emt 00:02:51]} 25. Nh2 {[%clk 00:09:45]} {[%emt
00:01:11]} b5 {[%clk 00:16:16]} {[%emt 00:01:07]} 26. f4 {[%clk 00:08:29]}
{[%emt 00:01:45]} Nb7 {[%clk 00:11:29]} {[%emt 00:05:17]} 27. fxe5 {[%clk
00:08:28]} {[%emt 00:00:31]} fxe5 {[%clk 00:11:50]} {[%emt 00:00:08]} 28. Ne4
{[%clk 00:08:12]} {[%emt 00:00:46]} Rf5 {[%clk 00:08:57]} {[%emt 00:03:24]} 29.
Rf1 {[%clk 00:06:03]} {[%emt 00:02:39]} Rcf8 {[%clk 00:08:43]} {[%emt
00:00:44]} 30. Qd3 {[%clk 00:06:32]} {[%emt 00:00:02]} Qh6 {[%clk 00:07:42]}
{[%emt 00:01:30]} 31. Rde1 {[%clk 00:06:47]} {[%emt 00:00:16]} Kg7 {[%clk
00:05:02]} {[%emt 00:03:10]} 32. Rxf5 {[%clk 00:06:02]} {[%emt 00:01:16]} gxf5
{[%clk 00:05:01]} {[%emt 00:00:31]} 33. Qg3+ {[%clk 00:06:20]} {[%emt
00:00:11]} Kh8 {[%clk 00:03:15]} {[%emt 00:02:15]} 34. Qxe5+ {[%clk 00:06:38]}
{[%emt 00:00:13]} Qg7 {[%clk 00:03:40]} {[%emt 00:00:04]} 35. Qxg7+ {[%clk
00:05:29]} {[%emt 00:01:40]} Kxg7 {[%clk 00:04:04]} {[%emt 00:00:05]} 36. Ng5
{[%clk 00:05:55]} {[%emt 00:00:05]} bxc4 {[%clk 00:02:21]} {[%emt 00:02:14]} 37.
bxc4 {[%clk 00:06:18]} {[%emt 00:00:07]} Nd6 {[%clk 00:02:35]} {[%emt
00:00:16]} 38. Nhf3 {[%clk 00:06:22]} {[%emt 00:00:26]} Nxf3+ {[%clk 00:01:55]}
{[%emt 00:01:11]} 39. gxf3 {[%clk 00:06:50]} {[%emt 00:00:01]} Rg8 {[%clk
00:01:18]} {[%emt 00:01:06]} 40. h4 {[%clk 00:04:08]} {[%emt 00:03:12]} Nxc4
{[%clk 00:00:42]} {[%emt 00:01:07]} 41. Re7+ {[%clk 00:04:01]} {[%emt
00:00:35]} Kh6 {[%clk 00:24:57]} {[%emt 00:06:14]} 42. Rc7 {[%clk 00:24:22]}
{[%emt 00:10:10]} Ne5 {[%clk 00:19:31]} {[%emt 00:05:56]} 43. f4 {[%clk
00:22:19]} {[%emt 00:02:33]} Nf3+ {[%clk 00:11:13]} {[%emt 00:08:47]} 44. Kf2
{[%clk 00:22:07]} {[%emt 00:00:42]} Nxg5 {[%clk 00:09:02]} {[%emt 00:02:42]} 45.
fxg5+ {[%clk 00:21:53]} {[%emt 00:00:44]} Kg6 {[%clk 00:09:28]} {[%emt
00:00:05]} 46. Rxc5 {[%clk 00:20:33]} {[%emt 00:01:50]} Rd8 {[%clk 00:09:49]}
{[%emt 00:00:09]} 47. Kf3 {[%clk 00:20:15]} {[%emt 00:00:47]} Rd7 {[%clk
00:09:36]} {[%emt 00:00:43]} 48. Kf4 {[%clk 00:20:33]} {[%emt 00:00:12]} Rd8
{[%clk 00:09:59]} {[%emt 00:00:07]} 49. Rc6+ {[%clk 00:19:08]} {[%emt
00:01:56]} Kg7 {[%clk 00:10:23]} {[%emt 00:00:05]} 50. d6 {[%clk 00:19:13]}
{[%emt 00:00:25]} Kg6 {[%clk 00:09:10]} {[%emt 00:01:43]} 51. Rxa6 {[%clk
00:18:45]} {[%emt 00:00:59]} Rd7 {[%clk 00:09:33]} {[%emt 00:00:06]} 52. Rc6
{[%clk 00:19:02]} {[%emt 00:00:14]} Kg7 {[%clk 00:09:31]} {[%emt 00:00:29]} 53.
Kxf5 {[%clk 00:19:14]} {[%emt 00:00:20]} Rf7+ {[%clk 00:09:57]} {[%emt
00:00:03]} 54. Ke5 {[%clk 00:18:46]} {[%emt 00:00:59]} Rd7 {[%clk 00:10:18]}
{[%emt 00:00:09]} 55. Ke6 {[%clk 00:18:45]} {[%emt 00:00:31]} Ra7 {[%clk
00:10:04]} {[%emt 00:00:45]} 56. d7 {[%clk 00:18:53]} {[%emt 00:00:22]} Rxa2
{[%clk 00:10:18]} {[%emt 00:00:16]} 57. d8=Q {[%clk 00:18:32]} {[%emt
00:00:51]} Re2+ {[%clk 00:10:27]} {[%emt 00:00:20]} 58. Kf5 {[%emt 00:01:02]}
1-0